| 000 | 00669nam a2200181 i 4500 | ||
|---|---|---|---|
| 001 | 40226 | ||
| 003 | ES-MaACL | ||
| 005 | 20230906160152.0 | ||
| 007 | t| | ||
| 008 | 030305q1915 sp ||||1| spa d | ||
| 245 | 0 | 0 |
_aCarta del Episcopado belga a los Obispos de Alemania, Baviera y Austria (24 de noviembre de 1915) _b: texto oficial. |
| 260 |
_aMadrid : _bBloud y Gay : _bSociedad General Española de Librería, _c[1915?] |
||
| 300 |
_a62 p. ; _c17 cm. |
||
| 500 | _aPublicación del Comité Católico de Propaganda Francesa. | ||
| 650 | 4 |
_aGuerra mundial, 1914-1918- _xAspectos religiosos. _9150099 |
|
| 852 |
_aES-MaACL _j1578-F-14 |
||
| 852 |
_aES-MaACL _j1546-F-9 |
||
| 999 |
_c40226 _d40226 |
||